01318nam a2200337Ia 450000500170000000800410001702000180005802000150007608200170009110000300010824500660013825000220020430000630022649000290028950000420031850000340036050501250039465000340051965000490055365000490060265000540065165000430070565000430074894200120079126400390080333600270084233700330086933800280090204000350093099900150096520220317001411.0161108s2012 ck a g 000 0 spa  a9789584234704 a958423470604a330.01bA11c1 aAbadía, Leopoldod1933-10aCómo funciona la economía para dummiescLeopoldo Abadía a1a. reimpresión axix, 303 páginasbilustraciones en blanco y negroc24 cm aPara Dummiespeconomía aIncluye datos biográficos del autor aIncluye índice alfabético aQué es eso que llamamos economía -- Lo macro y lo micro -- Medidas para ayudar a nuestro bolsillo -- Los decálogos142LEMBaEconomíaxFundamentos142LEMBaMacroeconomíaxEstudio y enseñanza142LEMBaMicroeconomíaxEstudio y enseñanza142LEMB aAhorro y economíaxEstudio y enseñanza142LEMB aEmpresasxEstudio y enseñanza142LEMB aMercadosxEstudio y enseñanza 2ddccBK aBogotábPlaneta Colombianac2012 atextobtxt2rdacontent asin mediaciónbn2rdamedia avolumenbnc2rdacarrier aCO-BoRNBPbspaerdacCO-BoRNBP c6867d6867